00942nam a2200193 a 450000100100000000500170001000800410002704000250006810000380009324500940013126000370022530000280026250000630029050000420035395201200039595201050051595201110062099900170073100003830720201002031223.0130408s1992 dr a 000 0 spa d aDO-SdBNPbspacBNPHU1 aPelaez Ruiz, Tirso Eduardo96467010aProntuario de legislación financiera de la construcción /cTirso Eduardo Pelaez Ruiz. aSanto Domingo :bCenapec,c1992. a84 p. :bils. ;c29 cm. aIncluye datos biográficos del autor en la contracubierta aIncluye notas al pie de las páginas 001054708DSaGRbGRcCTd2013-04-19iLF1l0o p38307-30r2020-06-25te. 3w2020-06-25yLFDSZPréstamo en sala 0010718PDaPDbPDcHDd2013-04-08iLF1l0o p38307-10r2020-06-25w2020-06-25yLFPDZNo se presta 0010718PDaPDbPDcCTd2013-04-19iLF1l0o p38307-20r2020-06-25te. 2w2020-06-25yLFPDZNo se presta c37797d37797